000 00286nam a2200109Ia 4500
008 200302s9999 xx 000 0 und d
100 _aFranisek Sedlacek
245 _aInternational Yearbook Award Winning Architecture
260 _bPrestel Publishing
260 _c1997
300 _a264 P.,
999 _c1170
_d1170